Metodología del conocimiento científico /
Đã lưu trong:
| Tác giả chính: | |
|---|---|
| Nhiều tác giả của công ty: | , |
| Tác giả khác: | |
| Định dạng: | Texto |
| Được phát hành: |
Habana:
Editorial Ciencias Sociales
|
| Các nhãn: |
Thêm thẻ
Không có thẻ, Là người đầu tiên thẻ bản ghi này!
|
MARC
| LEADER | 00000 a a2200000 04500 | ||
|---|---|---|---|
| 001 | 22482 | ||
| 003 | |||
| 040 | |||
| 090 | |a 153600 | ||
| 100 | |a Aróstegui, José Manuel | ||
| 110 | |a Academia de Ciencias de Cuba | ||
| 245 | |a Metodología del conocimiento científico / |c Academia de Ciencias de Cuba | ||
| 260 | |a Habana: |b Editorial Ciencias Sociales | ||
| 300 | |a 445 p | ||
| 700 | |a Bustamante, Antonio Sánchez de |a Cherniak, Vladimir G. |a Guerasimov, Iván G. |a Mateo, Julián S. |a Montagne, Gaspar |a Nikiforov, Alexander P. |a Rodríguez Solviera, M. |a Ruzavin, Gueorgui I. |a Sadovsky, Vladimir |a Shviriev, Vladimir | ||
| 710 | |a Academia de Ciencias de la URSS | ||
| 999 | |c 13381 |d 13381 | ||
